000 00610nam a2200241Ia 4500
003 OSt
005 20220924151654.0
006 a|||||r|||| 00| 0
007 ta
008 220923b |||||||| |||| 00| 0 tel d
024 _a338598
037 _cTextual
040 _aARTS
_cARTS
_btel
041 _2tel
_atel
082 _aV2:51wM, 35L4
100 _aVenkateswarulu
245 0 _aSwatantrodyama rathasarathulu
260 _c1974
300 _a178p.
_ccm.
650 _aTELUGU LANGUAGE
_9155493
942 _hV2:51wM, 35L4
_cTEXL
_2CC
999 _c467315
_d467315